[Event "Charlotte Fall-GM 2019"]
[Site "Charlotte"]
[Date "2019.11.29"]
[Round "4.3"]
[White "Ringoir, Tanguy"]
[Black "Yu, Jennifer"]
[Result "1/2-1/2"]
[WhiteElo "2501"]
[BlackElo "2278"]
[Annotator "TA"]
[PlyCount "173"]
[EventDate "2019.11.28"]
[EventType "tourn"]
[EventCountry "USA"]
[SourceTitle "playchess.com"]
[Source "ChessBase"]
[SourceQuality "1"]

{[%evp 9,173,33,26,25,35,5,8,8,40,41,74,37,33,31,47,20,8,18,118,97,92,110,104,65,68,62,77,79,91,80,80,95,95,91,116,121,115,108,113,112,116,116,187,189,177,185,266,256,243,169,166,143,202,177,187,102,103,59,45,35,29,27,23,30,137,161,321,320,322,317,312,310,306,305,316,313,293,289,322,322,551,553,609,606,1149,1035,1191,1071,1166,1145,1118,1103,1007,641,990,990,726,693,12836,0,0,0,0,0,0,0,0,0,0,0,0,0,0,0,0,0,0,0,0,0,0,0,0,0,0,0,0,0,0,0,0,0,0,0,0,0,0,0,0,0,0,0,0,0,0,0,0,0,0,0,0,0,0,0,0,0,0,0,0,0,0,0,0,0,0,0]} 1. d4 d5 2. c4 e6 3. Nc3 a6 4. cxd5 exd5 5. Nf3 Nf6 6. Bg5 {D37: Queen's Gambit Declined: 5 Bf4} Be6 7. Bxf6 $146 (7. e3 Nbd7 8. Bd3 c6 9. Qb3 Qb6 10. Qxb6 Nxb6 11. Bxf6 gxf6 12. Nh4 a5 13. O-O-O Bb4 {1-0 (40) So,W (2767)-Demchenko,A (2655) Khanty-Mansiysk 2019}) 7... Qxf6 8. Qb3 b6 9. g3 (9. Nxd5 Qd8 $15) 9... Qd8 10. Bg2 Nd7 11. O-O Be7 12. Ne1 c6 13. Nd3 f5 (13... Rc8 $11 {keeps the balance.}) 14. Bh3 $16 g6 {[#]} 15. e4 $1 {[%mdl 512]} fxe4 (15... dxe4 16. Qxe6) 16. Bxe6 exd3 17. Rae1 {aiming for Bxd5!} Nf6 $1 18. Na4 Kf8 19. Qxd3 Kg7 20. Qc2 b5 21. Nc5 Ra7 22. Bh3 Bxc5 23. Qxc5 ({But not} 23. dxc5 $6 Re7 $11) 23... Rc7 24. f3 Re8 25. Re5 Rxe5 (25... Ree7 $16 26. Rfe1 Ng8) 26. dxe5 $18 Ne8 27. f4 Qb8 (27... Qe7 $142 28. Qf2 Kg8) 28. Rc1 a5 29. g4 Kg8 30. Bg2 Qc8 (30... a4 $16 31. f5 Rd7) 31. h3 a4 {[#]} 32. Qf2 ({White should play} 32. f5 $1 $18 {[%mdl 512]}) 32... Ng7 $16 33. Rf1 Rf7 34. Qc2 Qe6 35. Rc1 $36 {[%mdl 2048] White has good play.} Rxf4 36. Qxc6 Qxc6 (36... Qxe5 $11 {remains equal.} 37. Qxd5+ (37. Bxd5+ Kh8 $11) 37... Qxd5 38. Bxd5+ Kf8) 37. Rxc6 $11 {[%mdl 4096] Endgame KRB-KRN} d4 $2 (37... Rd4 38. Rc5 h5 39. Bxd5+ Kh7 40. gxh5 (40. Rxb5 hxg4 41. hxg4 Rxg4+ 42. Kf2 Kh6 $16) 40... gxh5 41. Rxb5 Kg6) 38. Bd5+ $18 Kf8 39. Rc8+ Ke7 40. Rc7+ Kf8 41. e6 Nxe6 42. Bxe6 {KRB-KR} d3 {[#]} 43. g5 $1 ({Inferior is} 43. Rxh7 Rf6 $11) 43... Re4 44. Bg4 Rb4 $2 (44... Re1+ 45. Kf2 Ra1) 45. b3 $1 axb3 46. axb3 Rxb3 47. Kf2 b4 48. Ke3 Ra3 49. Rxh7 Ra5 50. h4 Rb5 51. Ra7 b3 {...b2 is the strong threat.} 52. Ra1 Rb4 53. Bf3 Rxh4 {[#]} 54. Kxd3 $2 (54. Ra8+ $1 $18 Ke7 55. Rb8 (55. Kxd3 Rf4 $14)) 54... b2 $11 {The position is equal.} 55. Rb1 Rf4 56. Be4 Rg4 57. Bxg6 Rxg5 58. Be4 Rb5 59. Kc4 Rb8 (59... Re5 {is interesting.}) 60. Bc2 Rc8+ 61. Kb3 Ke7 62. Kxb2 Kd6 63. Rh1 Ke5 64. Rh4 Rc7 65. Bd3 Kd5 66. Kb3 Rg7 67. Kc3 Rg5 68. Ra4 {Threatening mate with Ra5+.} Re5 69. Rd4+ Kc5 70. Rd8 Re3 71. Kd2 Re5 (71... Rf3 {looks sharper.}) 72. Rh8 Kd4 73. Rh4+ Kd5 74. Kc3 Kc5 75. Rc4+ Kd5 76. Ra4 Kc5 77. Ra8 Kd5 78. Bc4+ Ke4 79. Ra1 Ke3 80. Rh1 Ke4 81. Rh3 Rc5 82. Rh8 Re5 83. Bd3+ Kd5 84. Rc8 Re3 85. Rd8+ Kc5 86. Kd2 Re5 87. Kc3 {Accuracy: White = 69%, Black = 56%.} 1/2-1/2

[Event "Charlotte Fall-GM 2019"]
[Site "Charlotte"]
[Date "2019.11.29"]
[Round "4.4"]
[White "Nakar, Eylon"]
[Black "Berczes, David"]
[Result "1/2-1/2"]
[WhiteElo "2433"]
[BlackElo "2452"]
[Annotator "ChessBase"]
[PlyCount "39"]
[EventDate "2019.11.28"]
[EventType "tourn"]
[EventCountry "USA"]
[SourceTitle "playchess.com"]
[Source "ChessBase"]
[SourceQuality "1"]
[TimeControl "5400+30"]

1. e4 {[%emt 1:30:30]} e5 {[%emt 1:30:30]} 2. Nf3 {[%emt 0:00:30]} Nc6 {[%emt 0:00:30]} 3. Bb5 {[%emt 0:00:30]} a6 {[%emt 0:00:30]} 4. Ba4 {[%emt 0:00:30]} Nf6 {[%emt 0:00:30]} 5. O-O {[%emt 0:00:30]} Nxe4 {[%emt 0:00:30]} 6. d4 {[%emt 0:00:30]} b5 {[%emt 0:00:30]} 7. Bb3 {[%emt 0:00:30]} d5 {[%emt 0:00:30]} 8. dxe5 {[%emt 0:00:30]} Be6 {[%emt 0:00:30]} 9. c3 {[%emt 0:00:30]} Bc5 {[%emt 0:00:30]} 10. Qd3 {[%emt 0:00:30]} O-O {[%emt 0:00:30]} 11. Be3 {[%emt 0:00:30]} Re8 {[%emt 0:00:30]} 12. Nbd2 {[%emt 0:00:30]} Bxe3 {[%emt 0:00:30]} 13. Qxe3 {[%emt 0:00:30]} Nxd2 {[%emt 0:00:30]} 14. Qxd2 {[%emt 0:00:30]} Na5 {[%emt 0:00:30]} 15. Rad1 {[%emt 0:00:30]} Nc4 {[%emt 0:00:30]} 16. Bxc4 {[%emt 0:00:30]} bxc4 {[%emt 0:00:30]} 17. Nd4 {[%emt 0:00:30]} c5 {[%emt 0:00:30]} 18. Nxe6 fxe6 19. f4 {[%emt 0:01:00]} g6 20. g4 {[%emt 0:00:30]} 1/2-1/2

[Event "Charlotte Fall-GM 2019"]
[Site "Charlotte"]
[Date "2019.11.29"]
[Round "4.5"]
[White "Wang, Kevin"]
[Black "Jacobson, Brandon"]
[Result "1/2-1/2"]
[WhiteElo "2416"]
[BlackElo "2452"]
[Annotator "ChessBase"]
[PlyCount "55"]
[EventDate "2019.11.28"]
[EventType "tourn"]
[EventCountry "USA"]
[SourceTitle "playchess.com"]
[Source "ChessBase"]
[SourceQuality "1"]
[TimeControl "5400+30"]

1. d4 {[%emt 1:30:30]} d5 {[%emt 1:30:30]} 2. c4 {[%emt 0:00:30]} e6 {[%emt 0:00:30]} 3. Nf3 {[%emt 0:00:30]} a6 {[%emt 0:00:30]} 4. c5 {[%emt 0:00:30]} b6 {[%emt 0:00:30]} 5. cxb6 {[%emt 0:00:30]} cxb6 {[%emt 0:00:30]} 6. Bf4 {[%emt 0:00:30]} Bb7 {[%emt 0:00:30]} 7. e3 {[%emt 0:00:30]} Nf6 {[%emt 0:00:30]} 8. Nc3 {[%emt 0:00:30]} Bd6 {[%emt 0:00:30]} 9. Bd3 {[%emt 0:00:30]} O-O {[%emt 0:00:30]} 10. O-O {[%emt 0:00:30]} Nc6 {[%emt 0:00:30]} 11. Rc1 {[%emt 0:00:30]} h6 {[%emt 0:00:30]} 12. a3 {[%emt 0:00:30]} Re8 {[%emt 0:00:30]} 13. h3 {[%emt 0:00:30]} Qb8 {[%emt 0:00:30]} 14. Bxd6 {[%emt 0:00:30]} Qxd6 {[%emt 0:00:30]} 15. b4 {[%emt 0:00:30]} Rac8 {[%emt 0:00:30]} 16. b5 {[%emt 0:00:30]} axb5 {[%emt 0:00:30]} 17. Nxb5 {[%emt 0:00:30]} Qe7 {[%emt 0:00:30]} 18. Qb3 {[%emt 0:00:30]} Red8 {[%emt 0:00:30]} 19. Qb2 {[%emt 0:00:30]} Nd7 {[%emt 0:00:30]} 20. Rfd1 {[%emt 0:00:30]} Qf8 {[%emt 0:00:30]} 21. Ne5 {[%emt 0:00:30]} Ncxe5 {[%emt 0:00:30]} 22. dxe5 {[%emt 0:00:30]} Rxc1 {[%emt 0:00:30]} 23. Rxc1 {[%emt 0:00:30]} Ba6 {[%emt 0:00:30]} 24. Rc7 {[%emt 0:00:30]} Nc5 {[%emt 0:00:30]} 25. Bf1 {[%emt 0:00:30]} Rc8 {[%emt 0:00:30]} 26. Rxc8 {[%emt 0:00:30]} Qxc8 {[%emt 0:00:30]} 27. Nd6 {[%emt 0:00:30]} Qc6 {[%emt 0:00:30]} 28. Bxa6 {[%emt 0:00:30]} 1/2-1/2

[Event "Charlotte Fall-GM 2019"]
[Site "Charlotte"]
[Date "2019.11.30"]
[Round "5.1"]
[White "Yu, Jennifer"]
[Black "Korley, Kassa"]
[Result "1-0"]
[WhiteElo "2278"]
[BlackElo "2447"]
[Annotator "RC"]
[PlyCount "107"]
[EventDate "2019.11.28"]
[EventType "tourn"]
[EventCountry "USA"]
[SourceTitle "playchess.com"]
[Source "ChessBase"]
[SourceQuality "1"]
[TimeControl "5400+30"]

1. d4 {[%emt 1:30:30]} Nf6 {[%emt 1:30:30]} 2. c4 {[%emt 0:00:30]} e6 {[%emt 0:00:30]} 3. Nc3 {[%emt 0:00:30]} Bb4 {[%emt 0:00:30]} 4. g3 {[%emt 0:00:30]} O-O {[%emt 0:00:30]} 5. Bg2 {[%emt 0:00:30]} d5 {[%emt 0:00:30]} 6. Nf3 {[%emt 0:00:30]} c5 {[%emt 0:00:30]} 7. O-O {[%emt 0:00:30]} dxc4 {[%emt 0:00:30]} 8. dxc5 {[%emt 0:00:30]} Nc6 {[%emt 0:00:30]} 9. Qa4 {[%emt 0:00:30]} Qa5 {[%emt 0:00:30]} 10. Qxa5 {[%emt 0:00:30]} Nxa5 {[%emt 0:00:30]} 11. Ne5 {[%emt 0:00:30]} Nd7 {[%emt 0:00:30]} 12. Nxd7 {[%emt 0:00:30]} Bxd7 {[%emt 0:00:30]} 13. Rd1 {[%emt 0:00:30]} Bc6 {[%emt 0:00:30]} 14. Bxc6 {[%emt 0:00:30]} Nxc6 {[%emt 0:00:30]} 15. Na4 {[%emt 0:00:30]} Rfd8 {[%emt 0:00:30]} 16. Be3 {[%emt 0:00:30]} Rd5 {[%emt 0:00:30]} 17. a3 {[%emt 0:00:30]} Ba5 {[%emt 0:00:30]} 18. Rxd5 {[%emt 0:00:30]} exd5 {[%emt 0:00:30]} 19. Rd1 {[%emt 0:00:30]} Rd8 {[%emt 0:00:30]} 20. Bd4 {[%emt 0:00:30]} f6 {[%emt 0:00:30]} 21. f4 {[%emt 0:00:30]} Kf7 {[%emt 0:00:30]} 22. Kf2 {[%emt 0:00:30]} h5 {[%emt 0:00:30]} 23. h3 {[%emt 0:00:30]} g5 {[%emt 0:00:30]} 24. Kf3 {[%emt 0:00:30]} gxf4 {[%emt 0:00:30]} 25. gxf4 {[%emt 0:00:30]} Ke6 {[%emt 0:00:30]} 26. e3 {[%emt 0:00:30]} Rg8 {[%emt 0:00:30]} 27. Bc3 {[%emt 0:00:30]} Bxc3 {[%emt 0:00:30]} 28. Nxc3 {[%emt 0:00:30]} Ne7 {[%emt 0:00:30]} 29. e4 {[%emt 0:00:30]} dxe4+ {[%emt 0:00:30]} 30. Nxe4 {[%emt 0:00:30]} Nf5 {[%emt 0:00:30]} 31. Nd6 {[%emt 0:00:30]} Rg3+ {[%emt 0:00:30]} 32. Kf2 {[%emt 0:00:30]} Rxh3 {[%emt 0:00:30]} 33. Re1+ {[%emt 0:00:30]} Kd5 {[%emt 0:00:30]} 34. Nxf5 {[%emt 0:00:30]} Rh2+ {[%emt 0:00:30]} 35. Kf3 {[%emt 0:00:30]} Rxb2 {[%emt 0:00:30]} 36. Ne3+ {[%emt 0:00:30]} Kxc5 {[%emt 0:00:30]} 37. Rh1 {[%emt 0:00:30]} c3 {[%emt 0:00:30]} 38. Rxh5+ {[%emt 0:00:30]} Kc6 {[%emt 0:00:30]} 39. Rh8 {[%emt 0:00:30]} Kd7 {[%emt 0:00:30]} 40. Ke4 {[%emt 0:00:30]} c2 {[%emt 0:00:30]} 41. Rh1 {[%emt 0:00:30]} Ra2 {[%emt 0:00:30]} 42. Rc1 {[%emt 0:00:30]} Rxa3 {[%emt 0:00:30]} 43. Rxc2 {[%emt 0:00:30]} b5 {[%emt 0:00:30]} 44. Nd5 {[%emt 0:00:30]} Kd6 {[%emt 0:00:30]} 45. Nxf6 {[%emt 0:00:30]} b4 {[%emt 0:00:30]} 46. Rd2+ {[%emt 0:00:30]} Kc5 {[%emt 0:00:30]} 47. f5 {[%emt 0:00:30]} b3 {[%emt 0:00:30]} 48. Nd7+ {[%emt 0:00:30]} Kb5 {[%emt 0:00:30]} 49. f6 {[%emt 0:00:30]} Ra2 {[%emt 0:00:30]} 50. Ke3 {[%emt 0:00:30]} b2 {[%emt 0:00:30]} 51. Rxb2+ {[%emt 0:00:30]} Rxb2 {[%emt 0:00:30]} 52. f7 {[%emt 0:00:30]} Rb3+ {[%emt 0:00:30]} 53. Ke4 {[%emt 0:00:30]} Rb4+ {[%emt 0:00:30]} 54. Ke5 {[%emt 0:00:30]} 1-0

[Event "Charlotte Fall-GM 2019"]
[Site "Charlotte"]
[Date "2019.11.30"]
[Round "5.2"]
[White "Grinberg, Eyal"]
[Black "Wang, Kevin"]
[Result "1-0"]
[WhiteElo "2472"]
[BlackElo "2416"]
[Annotator "TA"]
[PlyCount "113"]
[EventDate "2019.11.28"]
[EventType "tourn"]
[EventCountry "USA"]
[SourceTitle "playchess.com"]
[Source "ChessBase"]
[SourceQuality "1"]

{[%evp 17,113,0,0,0,0,0,2,0,14,22,54,45,63,53,63,19,46,33,77,75,98,98,99,90,101,99,99,102,145,159,143,147,152,140,136,108,159,139,157,145,150,158,148,118,137,126,160,155,151,161,148,151,182,171,209,216,218,210,224,198,201,204,210,193,350,341,330,327,301,196,195,137,168,168,183,158,204,200,244,227,302,175,211,198,300,297,669,649,1547,1535,29969,12829,2636,1367,2087,1347,1061,1021]} 1. e4 c5 2. Nf3 d6 3. d4 cxd4 4. Nxd4 Nf6 5. Nc3 a6 6. Be2 e5 7. Nb3 Be7 8. Qd3 O-O 9. O-O Be6 10. Rd1 {B92: Sicilian Najdorf: 6 Be2} (10. Bd2 Nbd7 11. Nd5 Bxd5 12. exd5 a5 13. a4 g6 14. Be3 Ne8 15. Nd2 Bg5 16. Nc4 Bxe3 17. Qxe3 f5 {0-1 (93) Nepomniachtchi,I (2763)-Salem,A (2660) St Petersburg 2018}) 10... Qc7 11. Be3 Nbd7 12. Nd5 {The position is equal.} Bxd5 $1 13. exd5 e4 $146 ({Predecessor:} 13... Rfc8 14. c4 g6 15. Rac1 Ne8 16. g3 f5 17. h4 h5 18. a4 {1-0 (31) Zundel,W (2358)-Silin,V (2275) ICCF email 2014}) 14. Qd4 Rfe8 15. c4 Bf8 16. Qd2 Ne5 17. Rac1 $36 {[%mdl 2048] White is pushing.} b6 18. h3 Nfd7 {[#]} 19. Qc2 $1 Nf6 20. Bg5 Ned7 21. Nd4 h6 22. Bf4 a5 23. Nb5 Qb8 24. b3 {[%cal Bb2b3,Bb3b4][%mdl 32]} Ne5 25. a3 Qc8 26. Qd2 Qb7 (26... Nfd7 $142 27. Rc2 Nc5) 27. b4 Nfd7 28. Qc2 Rac8 29. Qb3 g6 30. Nc3 axb4 31. axb4 f5 32. Nb5 g5 {[#]} 33. Bxe5 $1 Nxe5 34. Bh5 Red8 35. Nd4 Nd3 36. Rxd3 $1 ({And not} 36. Nxf5 Nxc1 37. Rxc1 b5 $11) 36... exd3 37. Qxd3 Qe7 38. Qxf5 Bg7 39. Nc6 Qf6 40. Qe4 Rf8 $2 (40... Kh8 {is a better defense.} 41. Rf1 Qf4) 41. Ne7+ $18 Kh8 42. Ng6+ (42. Nxc8 Qxf2+ 43. Kh1 Be5 $14) 42... Kg8 43. Nxf8 Rxf8 44. Bf3 ({White should try} 44. Qe6+ $18 Qxe6 45. dxe6) 44... Qb2 45. Rb1 Qe5 46. Qg6 Rf6 47. Qc2 Qf5 48. Qa2 Rf8 49. Re1 (49. c5 $142) 49... Qf4 50. Qc2 Kh8 (50... Qf6 $142 51. Re6 Qc3 52. Qxc3 Bxc3 53. Rg6+ Bg7 54. Rxd6 Rf6) 51. Qg6 Qd2 $2 (51... Rf6 52. Re8+ Rf8 53. Rxf8+ (53. Re7 Qc1+ 54. Kh2 Qb2 $18) 53... Bxf8) 52. Rd1 ({Less strong is} 52. Re7 Qc1+ 53. Kh2 Qb2 $18) 52... Qf4 53. Be4 {[%csl Ge4][%cal Rg6h7]} Qxf2+ 54. Kh1 {[%csl Ge4][%cal Rg6h7]} Kg8 {White is clearly winning.} 55. Qh7+ Kf7 56. Bg6+ Kf6 57. Bd3 {Accuracy: White = 70%, Black = 32%.} 1-0

[Event "Charlotte Fall-GM 2019"]
[Site "Charlotte"]
[Date "2019.11.30"]
[Round "5.3"]
[White "Jacobson, Brandon"]
[Black "Nakar, Eylon"]
[Result "0-1"]
[WhiteElo "2452"]
[BlackElo "2433"]
[Annotator "TA"]
[PlyCount "103"]
[EventDate "2019.11.28"]
[EventType "tourn"]
[EventCountry "USA"]
[SourceTitle "playchess.com"]
[Source "ChessBase"]
[SourceQuality "1"]

{[%evp 16,103,21,20,11,26,22,16,12,7,41,25,49,39,76,70,74,65,66,0,24,19,33,-218,-209,-232,-170,-245,-239,-362,-276,-256,-264,-264,-266,-260,-236,-284,-279,-404,-354,-334,-336,-355,-334,-336,-263,-263,-217,-216,-209,-254,-258,-272,-242,-297,-304,-309,-309,-399,-411,-479,-468,-537,-434,-459,-432,-420,-396,-454,-397,-642,-656,-612,-651,-666,-425,-822,-851,-943,-704,-1308,-1284,-2734,-930,-908,-901,-826,-164,-29996]} 1. e4 e6 2. d4 d5 3. Nc3 Nf6 4. e5 Nfd7 5. f4 c5 6. Nf3 Nc6 7. Be3 Be7 8. Qd2 O-O 9. dxc5 Nxc5 {C11: French: Classical System: 4 e5 and 4 Bg5 dxe4} 10. O-O-O a6 11. Kb1 (11. h4 Qc7 12. Bd3 Nb4 13. Kb1 Nbxd3 14. cxd3 Bd7 15. Rc1 Qb6 16. f5 Rfc8 17. Bg5 {1-0 (41) Shankland,S (2713)-Cori,J (2686) Biel 2019}) 11... Qc7 {The position is equal.} 12. h4 b5 13. Bxc5 Bxc5 14. Bd3 f6 $146 ({Predecessor:} 14... h6 15. g4 Qa5 16. g5 b4 17. gxh6 g6 18. Qg2 Kh8 19. Ne2 {1-0 (19) Manik,M (2404)-Orosz,A (2314) Budapest 2019}) 15. exf6 Rxf6 16. Ng5 h6 (16... Rxf4 $2 17. Bxh7+ Kh8 18. Qe2 $18) 17. Rdf1 (17. Nxd5 $2 exd5 18. Bh7+ Kh8 $19) (17. f5 $14) 17... Ne7 (17... hxg5 18. hxg5 Rf7 19. Bh7+ Kf8 20. Bg6 $18) 18. Bh7+ Kh8 $1 19. f5 $2 {[%mdl 8192]} (19. Ne2 $14 {keeps the upper hand.}) 19... exf5 $19 20. g4 f4 $36 {[%mdl 2048] White is under strong pressure.} (20... hxg5 21. hxg5 Rf7 22. Nxd5 $18) 21. Bf5 {[#]} (21. Bd3 {keeps fighting.}) 21... Be3 $1 {[%cal Re3d2]} ({Not} 21... Nxf5 22. Nxd5 Rd6 23. Qxf4 $15) ({Much less strong is} 21... Bxf5 22. gxf5 Qd6 23. Qxf4 $17) 22. Qd3 (22. Nxd5 $142 Nxd5 23. Qxd5) 22... Bxf5 23. gxf5 Qe5 24. Rh3 Rxf5 25. Nf3 Qd6 26. h5 Rd8 27. b3 (27. Nd4 {was necessary.} Rf6 28. Nd1) 27... Rf6 28. Nh4 Qe6 29. Rhh1 Qg4 30. Nd1 Bb6 ({Stronger than} 30... Qxh5 31. Nxe3 fxe3 32. Rxf6 $14) 31. Re1 Rd7 32. Nf3 {intending Ne5.} Qf5 33. Qf1 Rc7 34. Rh2 Re6 35. Nb2 Be3 36. Nd3 d4 37. Nh4 Qxh5 38. Qh3 Rf6 39. Rf1 Qd5 40. Nf3 Qf5 41. Qg2 Rg6 42. Qe2 Nd5 43. Ka1 $2 (43. Nh4 Nc3+ {[%mdl 64] Double Attack} 44. Kb2 Nxe2 45. Nxf5) 43... Nc3 44. Qe1 {and the idea Nh4 leaves White hopeful.} Rg3 45. Nfe5 Re7 46. Nc6 (46. Qxg3 $142 fxg3 {[%mdl 64] Discovered Attack} 47. Rxf5 gxh2 48. Rh5) 46... Re6 47. Nd8 Re8 48. Rff2 Qg6 49. Rxf4 Kg8 (49... Bxf4 $142 50. Nf7+ Qxf7) 50. Nf7 Rg1 51. Rf1 Qg3 $2 {[#]} (51... Rxf1 52. Qxf1 Qxf7 53. Qxf7+ Kxf7) 52. Nde5 $2 {Accuracy: White = 30%, Black = 68%.} (52. Nxh6+ $1 $19 {[%mdl 512]} gxh6 (52... Bxh6 53. Qxe8+) 53. Rxg1 Qxg1 54. Qxg1+ Bxg1 55. Rg2+ Kf7 56. Rxg1) 0-1

[Event "Charlotte Fall-GM 2019"]
[Site "Charlotte"]
[Date "2019.11.30"]
[Round "5.5"]
[White "Berczes, David"]
[Black "Paragua, Mark"]
[Result "0-1"]
[WhiteElo "2452"]
[BlackElo "2496"]
[Annotator "RC"]
[PlyCount "74"]
[EventDate "2019.11.28"]
[EventType "tourn"]
[EventCountry "USA"]
[SourceTitle "playchess.com"]
[Source "ChessBase"]
[SourceQuality "1"]
[TimeControl "5400+30"]

1. Nf3 {[%emt 1:30:30]} d5 {[%emt 1:30:30]} 2. d4 {[%emt 0:00:30]} Nf6 {[%emt 0:00:30]} 3. c4 {[%emt 0:00:30]} e6 {[%emt 0:00:30]} 4. g3 {[%emt 0:00:30]} Bb4+ {[%emt 0:00:30]} 5. Bd2 {[%emt 0:00:30]} Be7 {[%emt 0:00:30]} 6. Bg2 {[%emt 0:00:30]} O-O {[%emt 0:00:30]} 7. O-O {[%emt 0:00:30]} c6 {[%emt 0:00:30]} 8. Bf4 {[%emt 0:00:30]} Nbd7 {[%emt 0:00:30]} 9. Nc3 {[%emt 0:00:30]} dxc4 {[%emt 0:00:30]} 10. e4 {[%emt 0:00:30]} Re8 {[%emt 0:00:30]} 11. a4 {[%emt 0:00:30]} Bb4 {[%emt 0:00:30]} 12. Qe2 {[%emt 0:00:30]} Bxc3 {[%emt 0:00:30]} 13. bxc3 {[%emt 0:00:30]} b5 {[%emt 0:00:30]} 14. e5 {[%emt 0:00:30]} Nd5 {[%emt 0:00:30]} 15. Ng5 {[%emt 0:00:30]} Qe7 {[%emt 0:00:30]} 16. Ne4 {[%emt 0:00:30]} a5 {[%emt 0:00:30]} 17. axb5 {[%emt 0:00:30]} cxb5 {[%emt 0:00:30]} 18. Bg5 {[%emt 0:00:30]} Qf8 {[%emt 0:00:30]} 19. Nd6 {[%emt 0:00:30]} N7b6 {[%emt 0:00:30]} 20. Nxb5 {[%emt 0:00:30]} Bd7 {[%emt 0:00:30]} 21. Nd6 {[%emt 0:00:30]} Reb8 {[%emt 0:00:30]} 22. Rfc1 {[%emt 0:00:30]} a4 {[%emt 0:00:30]} 23. h4 {[%emt 0:00:30]} a3 {[%emt 0:00:30]} 24. Ne4 {[%emt 0:00:30]} Bc6 {[%emt 0:00:30]} 25. Nc5 {[%emt 0:00:30]} h6 {[%emt 0:00:30]} 26. Bd2 {[%emt 0:00:30]} Na4 {[%emt 0:00:30]} 27. Ne4 {[%emt 0:00:30]} Rb2 {[%emt 0:00:30]} 28. Qg4 {[%emt 0:00:30]} Kh8 {[%emt 0:00:30]} 29. Qh5 {[%emt 0:00:30]} a2 {[%emt 0:00:30]} 30. Rd1 {[%emt 0:00:30]} Rab8 {[%emt 0:00:30]} 31. Nd6 {[%emt 0:00:30]} Rb1 {[%emt 0:00:30]} 32. Be4 {[%emt 0:00:30]} Rxd1+ {[%emt 0:00:30]} 33. Rxd1 {[%emt 0:00:30]} Kg8 {[%emt 0:00:30]} 34. Kh2 {[%emt 0:00:30]} Naxc3 {[%emt 0:00:30]} 35. Ra1 {[%emt 0:00:30]} Nxe4 {[%emt 0:00:30]} 36. Nxe4 {[%emt 0:00:30]} Rb2 {[%emt 0:00:30]} 37. Qg4 {[%emt 0:00:30]} Kh8 {[%emt 0:00:30]} 0-1

[Event "Charlotte Fall-GM 2019"]
[Site "Charlotte"]
[Date "2019.11.30"]
[Round "6.1"]
[White "Korley, Kassa"]
[Black "Reshef, Omer"]
[Result "1/2-1/2"]
[WhiteElo "2447"]
[BlackElo "2461"]
[Annotator "TA"]
[PlyCount "60"]
[EventDate "2019.11.28"]
[EventType "tourn"]
[EventCountry "USA"]
[SourceTitle "playchess.com"]
[Source "ChessBase"]
[SourceQuality "1"]

{[%evp 15,60,12,18,15,23,21,26,26,35,16,27,25,29,32,25,5,52,37,39,10,42,0,0,-6,-9,-12,0,0,15,0,21,0,0,0,50,49,48,54,55,50,64,61,53,0,55,0,71]} 1. d4 Nf6 2. Nf3 d5 3. c4 c6 4. e3 Bf5 5. Nc3 e6 6. Bd3 Bg6 7. O-O Nbd7 8. Qe2 Bb4 9. Bd2 {D12: Slav Defence: 3 Nf3 Nf6 4 e3 Bf5} Bxc3 10. Bxc3 O-O 11. Bxg6 {White has an edge.} hxg6 12. a4 $146 {[%cal Ba2a4,Ba4a5][%mdl 32]} ({Predecessor:} 12. Nd2 Re8 13. e4 dxe4 14. Nxe4 Nxe4 15. Qxe4 {1-0 (35) Cuenca Jimenez,J (2478)-Postny,E (2588) Llucmajor 2017}) 12... Ne4 13. a5 a6 14. Bb4 Re8 15. Rfd1 f5 16. b3 Qc7 17. Rac1 Kf7 18. h3 Rh8 19. Nd2 Nxd2 20. Bxd2 Nf6 21. f3 Qg3 {[#] aiming for ...Rxh3.} 22. Be1 (22. Qf2 {feels hotter.} Qc7 23. b4 dxc4 24. e4 Kg8 25. Re1) 22... Qg5 {Strongly threatening ...Rxh3.} 23. h4 Qh5 24. Qd2 Rad8 {White should prevent ...g5.} 25. Bg3 $36 {[%mdl 2048] White has some pressure.} g5 26. hxg5 $1 Qxg5 27. Kf2 Rh6 {[#] Threatens to win with ...Rg6.} 28. Bf4 Qh4+ 29. Bg3 (29. Ke2 $5 {[%cal Rf4h6]}) 29... Qg5 {White must now prevent ...Rg6.} 30. Bf4 Qh4+ {Accuracy: White = 59%, Black = 45%.} 1/2-1/2

[Event "Charlotte Fall-GM 2019"]
[Site "Charlotte"]
[Date "2019.11.30"]
[Round "6.2"]
[White "Ringoir, Tanguy"]
[Black "Berczes, David"]
[Result "1/2-1/2"]
[WhiteElo "2501"]
[BlackElo "2452"]
[Annotator "ChessBase"]
[PlyCount "37"]
[EventDate "2019.11.28"]
[EventType "tourn"]
[EventCountry "USA"]
[SourceTitle "playchess.com"]
[Source "ChessBase"]
[SourceQuality "1"]
[TimeControl "5400+30"]

1. d4 {[%emt 1:30:30]} Nf6 {[%emt 1:30:30]} 2. c4 {[%emt 0:00:30]} e6 {[%emt 0:00:30]} 3. Nc3 {[%emt 0:00:30]} Bb4 {[%emt 0:00:30]} 4. Qc2 {[%emt 0:00:30]} O-O {[%emt 0:00:30]} 5. a3 {[%emt 0:00:30]} Bxc3+ {[%emt 0:00:30]} 6. Qxc3 {[%emt 0:00:30]} d5 {[%emt 0:00:30]} 7. Nf3 {[%emt 0:00:30]} dxc4 {[%emt 0:00:30]} 8. Qxc4 {[%emt 0:00:30]} b6 {[%emt 0:00:30]} 9. Bg5 {[%emt 0:00:30]} Ba6 {[%emt 0:00:30]} 10. Qa4 {[%emt 0:00:30]} c5 {[%emt 0:00:30]} 11. dxc5 {[%emt 0:00:30]} bxc5 {[%emt 0:00:30]} 12. Rd1 {[%emt 0:00:30]} Qb6 {[%emt 0:00:30]} 13. Bxf6 {[%emt 0:00:30]} gxf6 {[%emt 0:00:30]} 14. Rd2 {[%emt 0:00:30]} Nc6 {[%emt 0:00:30]} 15. Qg4+ {[%emt 0:00:30]} Kh8 {[%emt 0:00:30]} 16. Qh4 {[%emt 0:00:30]} Kg7 {[%emt 0:00:30]} 17. Qg4+ {[%emt 0:00:30]} Kh8 {[%emt 0:00:30]} 18. Qh4 {[%emt 0:00:30]} Kg7 {[%emt 0:00:30]} 19. Qg4+ {[%emt 0:00:30]} 1/2-1/2